<?xml version="1.0" encoding="UTF-8"?>
<record
    xmlns:xsi="http://www.w3.org/2001/XMLSchema-instance"
    xsi:schemaLocation="http://www.loc.gov/MARC21/slim http://www.loc.gov/standards/marcxml/schema/MARC21slim.xsd"
    xmlns="http://www.loc.gov/MARC21/slim">

  <leader>03817nam a22003977i 4500</leader>
  <controlfield tag="001">B-12087</controlfield>
  <controlfield tag="003">CO-BoFNCP</controlfield>
  <controlfield tag="007">t|| </controlfield>
  <controlfield tag="008">090804s2009    ck     r           spa d </controlfield>
  <datafield tag="040" ind1=" " ind2=" ">
    <subfield code="a">CO-BoFNCP</subfield>
    <subfield code="b">spa</subfield>
    <subfield code="c">CO-BoFNCP</subfield>
    <subfield code="e">rda</subfield>
  </datafield>
  <datafield tag="041" ind1=" " ind2=" ">
    <subfield code="a">spa</subfield>
  </datafield>
  <datafield tag="043" ind1=" " ind2=" ">
    <subfield code="a">ck</subfield>
  </datafield>
  <datafield tag="084" ind1=" " ind2=" ">
    <subfield code="a">A-</subfield>
  </datafield>
  <datafield tag="100" ind1="1" ind2=" ">
    <subfield code="a">Garc&#xED;a N., Jes&#xFA;s A.</subfield>
    <subfield code="9">37117,</subfield>
    <subfield code="e">autor.</subfield>
    <subfield code="4">aut</subfield>
  </datafield>
  <datafield tag="245" ind1="1" ind2="0">
    <subfield code="a">Desarrollo de perfiles t&#xE9;rmicos en pilas a&#xE9;reas para carbonizaci&#xF3;n de est&#xED;pite de palma de aceite.</subfield>
  </datafield>
  <datafield tag="246" ind1="2" ind2=" ">
    <subfield code="a">Development of thermal profiles in air batteries for the carbonization of oil palm stipes</subfield>
  </datafield>
  <datafield tag="264" ind1=" " ind2="4">
    <subfield code="c">&#xA9;2009</subfield>
  </datafield>
  <datafield tag="300" ind1=" " ind2=" ">
    <subfield code="a">p&#xE1;ginas 29-38 :</subfield>
    <subfield code="b">Tablas, gr&#xE1;ficos, fotograf&#xED;as.</subfield>
  </datafield>
  <datafield tag="336" ind1=" " ind2=" ">
    <subfield code="a">texto</subfield>
    <subfield code="b">txt</subfield>
    <subfield code="2">rdacontent</subfield>
  </datafield>
  <datafield tag="337" ind1=" " ind2=" ">
    <subfield code="a">sin mediaci&#xF3;n</subfield>
    <subfield code="b">n</subfield>
    <subfield code="2">rdamedia</subfield>
  </datafield>
  <datafield tag="338" ind1=" " ind2=" ">
    <subfield code="a">volumen</subfield>
    <subfield code="b">nc</subfield>
    <subfield code="2">rdacarrier</subfield>
  </datafield>
  <datafield tag="500" ind1=" " ind2=" ">
    <subfield code="a">Contiene resumen en espa&#xF1;ol e ingl&#xE9;s.</subfield>
  </datafield>
  <datafield tag="504" ind1=" " ind2=" ">
    <subfield code="a">Incluye referencias bibliogr&#xE1;ficas.</subfield>
  </datafield>
  <datafield tag="520" ind1=" " ind2=" ">
    <subfield code="a">En este trabajo se presenta la metodolog&#xED;a desarrollada para el levantamiento de los perfiles de temperatura superficial e interno de una pila a&#xE9;rea de carbonizaci&#xF3;n de est&#xED;pite de palma de aceite, en la que los perfiles superficiales permiten observar temperaturas del orden de 40 y 60 C, y los internos, de unos 500 C, ambas adecuadas para el tratamiento termoqu&#xED;mico de biomasa. El sistema de pilas a&#xE9;reas para carbonizaci&#xF3;n present&#xF3; un tiempo total de operaci&#xF3;n que oscila entre 4 y 5 d&#xED;as despu&#xE9;s de la ignici&#xF3;n, lo que permiti&#xF3; realizar las mediciones durante los tres primeros d&#xED;as de operaci&#xF3;n. El perfil de temperaturas internas corresponde al evaluado en la direcci&#xF3;n angular a partir de la medici&#xF3;n de temperaturas en seis puntos equidistantes conformando una base hexagonal de la pila. Para tales mediciones, se utilizaron termocuplas tipo "K" y un pir&#xF3;metro para la medici&#xF3;n de temperaturas internas y superficiales, respectivamente. En cuanto al proceso de carbonizaci&#xF3;n, se obtuvo un rendimiento de conversi&#xF3;n de biomasa a biocarb&#xF3;n del orden de 49% (base seca), a partir de biomasa de est&#xED;pite de palma con humedad de 59,4%; se lleg&#xF3; a temperaturas de pir&#xF3;lisis-carbonizaci&#xF3;n de 500-600 C y una masa carbonizada "biocarb&#xF3;n" con una humedad del 5%</subfield>
  </datafield>
  <datafield tag="520" ind1=" " ind2=" ">
    <subfield code="a">This paper presents the methodology developed for the lifting of the profiles surface temperature as both an internal for stack aerial carbonization of oil palm trunk, where the surface profiles show temperatures of about 40 and 60 C. As the internal profiles indicate temperatures around 500 C; these temperatures are suitable for thermochemical treatment of biomass. Similarly, the system of aerial stacks to carbonization presented a total time of operation ranged from 4 to 5 days after the ignition, which comporallowed the measurements during the first three days of operation of the aerial stack, where the profile internal temperatures corresponds to the evaluated in the angular direction from the measurement of temperature at six equidistant points forming a hexagonal base of the stack. For these measurements, we used thermocouples type "K" and a pyrometer to measure surface and internal temperatures, respectively. In the process of carbonization was obtained in a yield of biomass conversion to biochar of about 49% (dry basis), from oil palm trunk with moisture of 59.4%, reaching temperatures in the pyrolysis-carbonization range of 500-600 C and a mass of charred "Biochar" with humidity of 5%.</subfield>
  </datafield>
  <datafield tag="650" ind1=" " ind2="0">
    <subfield code="a">Biocombustibles</subfield>
    <subfield code="9">29861.</subfield>
  </datafield>
  <datafield tag="650" ind1=" " ind2="0">
    <subfield code="a">Bioetanol</subfield>
    <subfield code="9">29867.</subfield>
  </datafield>
  <datafield tag="650" ind1=" " ind2="0">
    <subfield code="a">Biomasa</subfield>
    <subfield code="9">3542.</subfield>
  </datafield>
  <datafield tag="650" ind1=" " ind2="0">
    <subfield code="a">Palma de aceite</subfield>
    <subfield code="9">37678.</subfield>
  </datafield>
  <datafield tag="700" ind1="1" ind2=" ">
    <subfield code="a">Delgado, Fabio</subfield>
    <subfield code="9">41870.</subfield>
  </datafield>
  <datafield tag="700" ind1="1" ind2=" ">
    <subfield code="a">Mart&#xED;nez G., Aldemar</subfield>
    <subfield code="9">41871.</subfield>
  </datafield>
  <datafield tag="700" ind1="1" ind2=" ">
    <subfield code="a">Rinc&#xF3;n R., V&#xED;ctor</subfield>
    <subfield code="9">36942.</subfield>
  </datafield>
  <datafield tag="773" ind1="0" ind2=" ">
    <subfield code="a">Palmas (Colombia)</subfield>
    <subfield code="g">v. 30, no. 1 (2009), p.29-38</subfield>
    <subfield code="w">A-</subfield>
    <subfield code="x">0121-2923</subfield>
  </datafield>
  <datafield tag="942" ind1=" " ind2=" ">
    <subfield code="2">z</subfield>
    <subfield code="c">1</subfield>
  </datafield>
  <datafield tag="952" ind1=" " ind2=" ">
    <subfield code="0">0</subfield>
    <subfield code="1">0</subfield>
    <subfield code="2">z</subfield>
    <subfield code="4">0</subfield>
    <subfield code="7">0</subfield>
    <subfield code="a">2</subfield>
    <subfield code="b">2</subfield>
    <subfield code="d">2013-10-21</subfield>
    <subfield code="l">0</subfield>
    <subfield code="o">A-</subfield>
    <subfield code="p">R-12087</subfield>
    <subfield code="r">2013-10-21 00:00:00</subfield>
    <subfield code="t">Ej. 1</subfield>
    <subfield code="w">2013-10-21</subfield>
    <subfield code="y">1</subfield>
  </datafield>
  <datafield tag="999" ind1=" " ind2=" ">
    <subfield code="c">26550</subfield>
    <subfield code="d">26550</subfield>
  </datafield>
</record>
